Italy World Cup Squad 1982 - Statistics

General Stats
  • This quiz has been taken 133 times
  • The average score is 12 of 22
Answer Stats
Number Pos. Club Player % Correct
1.(C) GK Juventus Dino Zoff
97%
20. FW Juventus Paolo Rossi
93%
7. DF Juventus Gaetano Scirea
80%
16. FW Roma Bruno Conti
77%
14. MF Juventus Marco Tardelli
77%
4. DF Juventus Antonio Cabrini
76%
3. DF Internazionale Giuseppe Bergomi
74%
6. DF Juventus Claudio Gentile
73%
2. DF Milan Franco Baresi
72%
18. FW Internazionale Alessandro Altobelli
71%
19. FW Fiorentina Francesco Graziani
61%
9. MF Fiorentina Giancarlo Antognoni
55%
13. MF Internazionale Gabriele Oriali
53%
5. DF Milan Fulvio Collovati
52%
15. FW Udinese Franco Causio
44%
22. GK Fiorentina Giovanni Galli
35%
10. MF Torino Giuseppe Dossena
27%
11. MF Internazionale Gianpiero Marini
26%
12. GK Internazionale Ivano Bordon
26%
8. DF Fiorentina Pietro Vierchowod
24%
21. FW Cagliari Franco Selvaggi
23%
17. FW Fiorentina Daniele Massaro
19%
No matching quizzes found
Score Distribution
Percent of People with Each Score
Percentile by Number Answered
Your Score History
You have not taken this quiz